Andante continuo

Saved in:
Bibliografiske detaljer
Hovedforfatter: Moreno, Inés (autora)
Format: Bog
Sprog:spansk
Udgivet: Concepción Lar 1987
Serier:Colección Coirón de Narrativa
Fag:
Tags: Tilføj Tag
Ingen Tags, Vær først til at tagge denne postø!

MARC

LEADER 00000nam a2200000 a 4500
001 UCW8260
003 CL-VaPUC
008 880727e19870000CL |||||||||||||||||spa|d
082 0 4 |a Ch863  |b MOR  |2 21 
100 |a Moreno, Inés  |e autora  |9 313385 
245 1 0 |a Andante continuo 
300 |a 177 p 
942 |c BK 
945 |d 19880727 00:00:00 
260 |a Concepción  |b Lar  |c 1987 
650 0 |a Novela chilena   |9 307631 
583 |a last modification  |c 19880727 00:00:00  |k Rodrigo Vera 
490 0 |a Colección Coirón de Narrativa 
999 |c 220696  |d 220694 
952 |0 0  |1 0  |4 0  |6 CH_863_000000000000000_MOR_1987  |7 0  |8 A  |9 213237  |a BIBEDU  |b BIBEDU  |c ES_NOD  |d 2019-11-15  |i 2815761  |o Ch863 MOR 1987  |p 2815761  |r 2023-08-09  |w 2019-11-15  |y BK  |k LIT